Diagnosis and nonsurgical management of chronic pain /

Bibliographic Details
Main Author: Hendler, Nelson H.
Format: Book
Language:English
Published: New York : Raven Press, [1981]
Subjects:

MARC

Tag First Indicator Second Indicator Subfields
LEADER 00000pam a2200000 a 4500
001 in00000090064
005 20151008065538.0
008 810106s1981 nyua b 00110 engm
010 |a  80028042  
020 |a 0890042896 
035 |a (OCoLC)07203378 
035 |9 AAK6147AM 
039 0 |a 2  |b 3  |c 3  |d 3  |e 3 
040 |a DLC  |c DLC  |d m.c.  |d TXA  |d UtOrBLW 
049 |a TXAM  |c [985637] 
050 0 0 |a RB127  |b  H46 
060 0 |a WL 704 H497d 
082 0 |a 616/.0472  |2 19 
100 1 |a Hendler, Nelson H. 
245 1 0 |a Diagnosis and nonsurgical management of chronic pain /  |c Nelson Hendler. 
264 1 |a New York :  |b Raven Press,  |c [1981] 
264 4 |c ©1981 
300 |a xvi, 246 pages :  |b illustrations ;  |c 24 cm. 
336 |a text  |b txt  |2 rdacontent 
337 |a unmediated  |b n  |2 rdamedia 
338 |a volume  |b nc  |2 rdacarrier 
504 |a Includes bibliographical references and index. 
650 0 |a Pain  |x Prevention. 
650 0 |a Pain  |x Psychological aspects. 
650 2 |a Pain  |x diagnosis. 
650 2 |a Pain Management. 
999 |a MARS 
999 f f |s 8f92a4fb-85b0-3edc-9b63-d56ff448d8ba  |i 0635826e-67cd-3749-8c42-494b5fb1fafe  |t 0 
952 f f |p ric  |a Texas A&M University  |b Rellis Campus  |c Joint Library Facility  |d Remote Storage  |t 0  |e RB127 H46  |h Library of Congress classification  |i unmediated -- volume  |m A14805979714 
998 f f |a RB127 H46  |t 0  |l Remote Storage